Calculus with analytic geometry for the technologies / (Record no. 181015)
[ view plain ]
| 000 -LEADER | |
|---|---|
| fixed length control field | 01085 a2200229 4500 |
| 003 - CONTROL NUMBER IDENTIFIER | |
| control field | Nust |
| 005 - DATE AND TIME OF LATEST TRANSACTION | |
| control field | 20221119130034.0 |
| 010 ## - LIBRARY OF CONGRESS CONTROL NUMBER | |
| LC control number | 79018067 |
| 020 ## - INTERNATIONAL STANDARD BOOK NUMBER | |
| International Standard Book Number | 0131118560 : |
| 040 ## - CATALOGING SOURCE | |
| Transcribing agency | Nust |
| 082 00 - DEWEY DECIMAL CLASSIFICATION NUMBER | |
| Classification number | 515.15,CLA |
| 100 1# - MAIN ENTRY--PERSONAL NAME | |
| Personal name | Clar, Lawrence M., |
| 9 (RLIN) | 103135 |
| 245 10 - TITLE STATEMENT | |
| Title | Calculus with analytic geometry for the technologies / |
| Statement of responsibility, etc. | Lawrence M. Clar, James A. Hart. |
| 260 ## - PUBLICATION, DISTRIBUTION, ETC. | |
| Place of publication, distribution, etc. | Englewood Cliffs, N.J. : |
| Name of publisher, distributor, etc. | Prentice-Hall, |
| Date of publication, distribution, etc. | c1980. |
| 300 ## - PHYSICAL DESCRIPTION | |
| Extent | xii, 352 p. : |
| Other physical details | ill. ; |
| Dimensions | 24 cm. |
| 490 0# - SERIES STATEMENT | |
| Series statement | Prentice-Hall series in technical mathematics |
| 505 ## - FORMATTED CONTENTS NOTE | |
| Formatted contents note | Plane Analytic Geometry (Page-1), Parametric Equations and Polar Coordinates (Page-47), Progressions (Page-62), Limits (Page-74), Introductions to the Derivatives (Page-92), Derivatives of the Transcendental Functions (Page-113), Applications of Derivatives (Page-150), Introductions to Integrations (Page-191), Applications of Integration (Page-215), Techniques of Integrations (Page-244). |
| 650 #0 - SUBJECT ADDED ENTRY--TOPICAL TERM | |
| Topical term or geographic name entry element | Calculus. |
| 650 #0 - SUBJECT ADDED ENTRY--TOPICAL TERM | |
| Topical term or geographic name entry element | Geometry, Analytic. |
| 700 1# - ADDED ENTRY--PERSONAL NAME | |
| Personal name | Hart, James A., |
| Dates associated with a name | 1933- |
| 9 (RLIN) | 103136 |
| 942 ## - ADDED ENTRY ELEMENTS (KOHA) | |
| Source of classification or shelving scheme | |
| Koha item type | Book |
| Call number prefix | 515.15,CLA |
| Withdrawn status | Lost status | Source of classification or shelving scheme | Damaged status | Not for loan | Permanent Location | Current Location | Shelving location | Date acquired | Full call number | Barcode | Date last seen | Price effective from | Koha item type | Public note |
|---|---|---|---|---|---|---|---|---|---|---|---|---|---|---|
| Military College of Signals (MCS) | Military College of Signals (MCS) | General Stacks | 12/12/2016 | 515.15,CLA | MCS7145 | 12/08/2016 | 12/12/2016 | Book | Almirah No. 13, Shelf No. 2 |
